000 004410000a22001810004500
003 MACL
005 20151217135651.0
008 151217b xxu||||| |||| 00| 0 eng d
040 _aMACL
_cMACL
041 _aEnglish
082 _a030/THE
100 _aTheimer, Walter
_920745
245 _aEncyclopaedia of World Politics
260 _bFaber and Faber Ltd
350 _a28
650 _aEncyclopaedia
_920746
942 _cBK
_k030/THE
_2ddc
999 _c39707
_d39707